000 01236nab a22002297a 4500
999 _c6515
_d6515
003 OSt
005 20260218115653.0
008 190429b xxu||||| |||| 00| 0 spa d
040 _cPJ
100 _96587
_aPalacín, Guido Adrián
245 1 3 _aLa vaguedad del lenguaje y las exhibiciones obscenas en el Código Penal de la Nación /
_cGuido Adrián Palacín.
260 _cCiudad Autónoma de Buenos Aires :
_aThomson Reuters La Ley,
_b2024.
300 _ap. 23-28
500 _aCita: TR LALEY AR/DOC/164/2024
505 _aSumario: I. Introducción.— II. La figura de exhibiciones obscenas en el Cód. Penal.— III. La vaguedad del lenguaje y la ley penal.— IV. Tipos de vaguedad y el término obsceno del Cód. Penal.— V. Ambigüedad y constitucionalidad.— VI. Conclusión.— VII. Bibliografía.— VIII. Jurisprudencia.
505 _tSi te interesa el texto completo, solicitalo a koha@justierradelfuego.gov.ar
650 0 _9343
_aDERECHO PENAL
650 0 _93184
_aEXHIBICIONES OBSCENAS
650 0 _93533
_aINTERPRETACION DE LA LEY
773 0 _02658
_93164
_tRevista de derecho penal y criminología. Nº 7 - Julio 2024
_dCiudad Autónoma de Buenos Aires : Thomson Reuters La Ley, 2017-
_x00347914
942 _2udc
_cANA